| 000 | 00423nam a22001697a 4500 | ||
|---|---|---|---|
| 003 | NUST - PNEC | ||
| 005 | 20170116181054.0 | ||
| 008 | 150930b xxu||||| |||| 00| 0 eng d | ||
| 020 | _a0900976683 | ||
| 040 | _cLIBRARY | ||
| 082 | _a623.81 MUN | ||
| 100 |
_911996 _a Munro-Smith, R |
||
| 245 |
_aShips and naval architecture _cSmith, R Munro |
||
| 260 | _c1973 | ||
| 650 |
_95453 _aNaval architecture |
||
| 942 |
_2ddc _cBK |
||
| 999 |
_c68491 _d68491 |
||